000 01712cam a22003131i 4500
003 SA-RiAUC
005 20250105141448.0
008 241119s2002 ts g 00000 ara c
040 _aSA-RiAUC
_bara
_cSA-RiAUC
_erda
082 0 4 _a258.2
090 _a258.2
_b ا ب ن ب
100 1 _aابن البراذعي، خلف بن أبي القاسم محمد،
_dتوفي 372 هجري
_eمؤلف.
245 1 2 _aالتهذيب في اختصار المدونة /
_cتأليف أبو سعيد خلف بن أبي القاسم محمد الأزدي بن البراذعي ؛ دراسة وتحقيق محمد الأمين ولد محمد سالم بن الشيخ ؛ راجعه أحمد علي الأزرق.
250 _aالطبعة الأولى.
264 1 _aدبي، الإمارات العربية المتحدة :
_bدار البحوث للدراسات الإسلامية وإحياء التراث،
_c2002
300 _aمجلد ؛
_c24 سم.
336 _aنص
_btxt
_2rdacontent
_3كتاب
337 _aبدون وسيط
_bn
_2rdamedia
338 _aمجلد
_bnc
_2rdacarrier
490 0 _aسلسلة دراسات الفقهية ؛
_v1
500 _aاهداء دار البحوث للدارسات الاسلامية واحياء التراث (حكومة دبي
650 7 _aالفقه المالكي
_2aucsh
700 1 _aبن الشيخ، محمد الأمين ولد محمد سالم
_eمحقق.
700 1 _aالأزرق، أحمد،
_d1931-
_eمراجع.
700 1 2 _aالإمام مالك، مالك بن أنس بن مالك،
_d93-179 هجري.
_tالمدونة الكبرى.
740 2 2 _aالمدونة الكبرى.
942 _2ddc
_cBOOK
_n0
949 _aSA-JeALM
_d241119
_umohamedma123
_n1
999 _c2521
_d2521